LIBRARY & INFORMATION CENTRE, KCAET, TAVANUR

ONLINE PUBLIC ACCESS CATALOGUE (OPAC)

Experimental mechanics and properties of materials / (Record no. 9229)

MARC details
000 -LEADER
fixed length control field 00387cam a2200145ua 4500
003 - CONTROL NUMBER IDENTIFIER
control field OSt
008 - FIXED-LENGTH DATA ELEMENTS--GENERAL INFORMATION
fixed length control field 250528b |||||||| |||| 00| 0 eng d
041 ## - LANGUAGE CODE
Language code of text/sound track or separate title eng
082 ## - DEWEY DECIMAL CLASSIFICATION NUMBER
Classification number 624.17
Item number MUH/EX
100 ## - MAIN ENTRY--AUTHOR NAME
Personal name Muhilenbruch, W Carl .
245 ## - TITLE STATEMENT
Title Experimental mechanics and properties of materials /
260 ## - PUBLICATION, DISTRIBUTION, ETC. (IMPRINT)
Place of publication Toronto :
Name of publisher D Van nostrand co ,
Year of publication 1961.
300 ## - PHYSICAL DESCRIPTION
Number of Pages 243 ; .
942 ## - ADDED ENTRY ELEMENTS (KOHA)
Koha item type Books
Holdings
Withdrawn status Lost status Damaged status Home library Current library Date acquired Full call number Accession Number Koha item type
      KAUAET KAUAET 07/04/2012 624.17 MUH/EX 5972 Books
free website counter